| 000 | 01062nas a2200325 4500 | ||
|---|---|---|---|
| 001 | BR8600272 | ||
| 003 | BR-BrBNA | ||
| 005 | 20231205090316.0 | ||
| 007 | ta | ||
| 008 | 230509b bl.|||p| |||| 00| 00por d | ||
| 040 |
_aBR-BrBNA _bpor _cBiblioteca Nacional de Agricultura |
||
| 041 | _a(Pt) | ||
| 072 | _aF02; F01 | ||
| 100 | 1 | _aScheffer, S.M. | |
| 100 | 1 | _aSaibro, J.C. de | |
| 100 | 1 | _aRiboldi, J. | |
| 245 | 1 | _aEfeito do nitrogenio, metodos de semeadura e regimes de corte no rendimento e qualidade da forragem e da semente de milheto | |
| 246 | 1 | _aEffect of nitrogen, sowing methods and cutting regimes on the yield and quality of pearlmillet forage and seed | |
| 650 | _aMILHETO | ||
| 650 | _aSEMENTE | ||
| 650 | _aFORRAGEM | ||
| 650 | _aNITROGENIO | ||
| 650 | _aSEMEADURA | ||
| 650 | _aCORTE | ||
| 650 | _aRENDIMENTO | ||
| 650 | _aMATERIA SECA | ||
| 773 | 0 |
_tPesquisa Agropecuaria Brasileira (Brazil) _xISSN 0100-204x _g(Mar 1985), v. 20(3) p. 309-317 _wBR8600272 |
|
| 909 |
_a202311 _bLúcia _c55 _dLúcia Elande |
||
| 942 |
_2AGRIS _n0 _cANA |
||
| 999 |
_c117523 _d117523 |
||